000 00946nam a22003377a 4500
001 BR7406561
003 BR-BrBNA
005 20230928084645.0
007 ta
008 230509b bl.||||| |||| 00| 0 por d
040 _aBR-BrBNA
_bpor
_cBiblioteca Nacional de Agricultura
041 _a(Por)
072 _aL00
_b5217
_b/G514
090 _ 5217 BR7406561
100 1 _aMoraes, A.D. de
100 1 _aLopes, F.E.U.
110 1 _aDiretoria Estadual do Ministerio da Agricultura no Maranhao, Sao Luis (Brasil)
_93445
245 1 _aFazenda pascoal: uma experiencia em bubalinocultura [Baixada maranhense, Brasil]
260 3 _aSao Luis, MA (Brasil):
_c1974.
300 _a20 p.
500 _a10 tables
650 _aPRODUCAO ANIMAL
650 _aCRIACAO
650 _aBUFALO
650 _aLEITE
650 _aCARNE
650 _aBAIXADA MARANHENSE
650 _aMARANHAO
909 _a202309
_bLucia
_c55
_dLucia Elande
942 _cBK
999 _c20312
_d20312